000 00585nam a22001457a 4500
999 _c1887
_d1887
008 150702b xxu||||| |||| 00| 0 eng d
020 _a1566901464
050 _aG 60.212 .G58 1998
100 _d1999
245 _aGIS Solutions in natural resource management:balancing the technical-political equation/
_cMorain, Stan.
260 _aUnited states:
_bOnwordpress,
_c1999.
300 _axii,364p.
_bindex
440 _aGIS Solutions in natural resource managemen:balancing the tehnical-political equation/
942 _2lcc
_cBOOKS
_hG 60.212 .G58 1998
_kG
_m 60.212 .G58 1998
_01